الرسالة الى افسس / (Record no. 56668)
[ view plain ]
| 000 -الفاتح | |
|---|---|
| حقل البيانات ثابتة الطول | 00934nam a2200229Ia 4500 |
| 005 - وقت وتاريخ اخر تعامل مع التسجيلة | |
| رقم الضبط | 20240530105539.0 |
| 008 - عناصر البيانات ثابتة الطول - معلومات عامة | |
| حقل البيانات ثابتة الطول | 140319s1991 ua g 000 0 ara d |
| 017 ## - رقم الايداع القانونى | |
| رقم الايداع القانونى | 1991/3699 |
| المصدر ( الهيئة المختصة) | مصر. دار الكتب |
| 040 ## - مصدر الفهرسة | |
| وكالة الفهرسة الأصلية | GCL / |
| وكالة النسخ | GCL |
| 082 04 - رقم تصنيف ديوى العشرى | |
| رقم التصنيف | 272.75/ |
| رقم المادة | ف ر |
| 100 1# - المدخل الرئيسى - إسم شخصى | |
| الإسم الشخصى | فولكس، فرانسيس |
| 245 12 - بيان العنوان | |
| العنوان | الرسالة الى افسس / |
| بيان المسئوليه,etc | بقلم فرانسيس فولكس ؛ نقلة الى العربية انس عبد الملك ؛ المحرر المسئول جوزيف صابر |
| 260 ## - PUBLICATION, DISTRIBUTION, ETC. (IMPRINT) | |
| تاريخ النشر أو التوزيع | 1991 |
| 300 ## - الوصف المادى | |
| التعداد | 179 ص ؛ |
| أبعاد الوعاء | 24سم. |
| 490 0# - بيان السلسلة | |
| عنوان السلسلة | التفسير الحديث للكتاب المقدس : العهد الجديد ؛ |
| رقم المجلد/ التعيين التسلسلي | 10. |
| 650 07 - المدخل الاضافى بالموضوع-مصطلح موضوعى | |
| مصدر الرأس أو المصطلح | qrmak |
| مصطلح موضوعي | العهد الجديد |
| 650 07 - المدخل الاضافى بالموضوع-مصطلح موضوعى | |
| مصدر الرأس أو المصطلح | qrmak |
| مصطلح موضوعي | الانجيل |
| 700 0# - المدخل الاضافى - اسم شخصى | |
| رمز الرابط | نس عبد الملك |
| الدور | مترجم |
| 700 0# - المدخل الاضافى - اسم شخصى | |
| رمز الرابط | جوزيف صابر |
| الدور | محرر |
| 942 ## - عناصر المدخل الإضافي( كوها) | |
| مصدر التصنيف او مخطط الترفيف | Dewey Decimal Classification |
| Koha [default] item type | كتاب |
| 260 ## - PUBLICATION, DISTRIBUTION, ETC. (IMPRINT) | |
| -- | القاهرة : |
| -- | دار الثقافة العربية ، |
| حالة التراجع | حالة الفقد | حالة تلف | ليس للاعارة | المكان المؤقت | الموقع الحالى | موقع الترفيف | تاريخ الاكتساب | اجمالي اﻻعارات | رقم الطلب | الباركود | تاريخ اخر مشاهدة | تاريخ تفعيل السعر | نوع وعاء كوها |
|---|---|---|---|---|---|---|---|---|---|---|---|---|---|
| مكتبة القاهرة الكبرى | مكتبة القاهرة الكبرى | ق الرئيسية_الديانات_ك عربى | 03/26/2014 | 272.75\ ف ر | 137324 | 03/26/2014 | 03/26/2014 | كتاب | |||||
| مكتبة القاهرة الكبرى | مكتبة القاهرة الكبرى | ق الرئيسية_الديانات_ك عربى | 03/26/2014 | 272.75\ ف ر | 137325 | 03/26/2014 | 03/26/2014 | كتاب |

